| 000 | 00462nam a22001697a 4500 | ||
|---|---|---|---|
| 999 |
_c525012 _d525012 |
||
| 003 | NUST | ||
| 020 | _cPaperback | ||
| 038 | _aM. Shaban | ||
| 082 |
_a891.421 _bNIA |
||
| 100 |
_aNiazi, Muhammad Mazhar _915808 |
||
| 245 |
_aSurr tai taal / _cMuhammad Mazhar Niazi |
||
| 260 |
_aFaisalabad : _bMissal Publishers, _c2007. |
||
| 300 | _a96 p. ; | ||
| 880 |
_6100-01\r _aمحمد مظہر نیاذی |
||
| 880 |
_6245-02\r _aسُر تے تال / |
||
| 942 |
_2ddc _cBK |
||